[Event "Titled Tue 24th Jun Late"]
[Site "chess.com INT"]
[Date "2025.06.24"]
[Round "8"]
[White "Duarte Cramer, Lily Jeanette"]
[Black "Lugo, Blas"]
[Result "0-1"]
[WhiteTitle "WCM"]
[BlackTitle "IM"]
[WhiteElo "1828"]
[BlackElo "2399"]
[WhiteFideId "29620180"]
[BlackFideId "2011263"]
[EventDate "2025.06.24"]

1. d4 d5 2. c4 c6 3. cxd5 cxd5 4. Nc3 Nf6 5. Nf3 Nc6 6. Bf4 Bf5 7. a3 e6 8. e3
Bd6 9. Bg5 h6 10. Bh4 Qb6 11. Qd2 Na5 12. Bxf6 Nb3 13. Qd1 Nxa1 14. Bb5+ Kf8 15.
Bxg7+ Kxg7 16. Qxa1 a6 17. Be2 Rac8 18. O-O Bb8 19. Nh4 Bh7 20. Na4 Qc7 21. Nc5
Qxh2# 0-1

[Event "Titled Tue 24th Jun Late"]
[Site "chess.com INT"]
[Date "2025.06.24"]
[Round "8"]
[White "Fuhrmann, Bahne"]
[Black "Weisz, Bryan"]
[Result "0-1"]
[WhiteTitle "FM"]
[WhiteElo "2256"]
[BlackElo "2059"]
[WhiteFideId "16244842"]
[BlackFideId "30934133"]
[EventDate "2025.06.24"]

1. e4 c5 2. Nf3 Nc6 3. d4 cxd4 4. Nxd4 Qa5+ 5. Nc3 Nf6 6. Bd2 Nxd4 7. Nb5 Qb6 8.
Be3 e5 9. c3 Nxe4 10. Qa4 Nc5 11. Qd1 Nxb5 0-1

[Event "Titled Tue 24th Jun Late"]
[Site "chess.com INT"]
[Date "2025.06.24"]
[Round "8"]
[White "Jimenez Salas, Maria Teresa"]
[Black "Alvarez, Leandro"]
[Result "0-1"]
[WhiteTitle "WIM"]
[WhiteElo "2170"]
[BlackElo "2143"]
[WhiteFideId "3843866"]
[BlackFideId "132756"]
[EventDate "2025.06.24"]

1. e4 d6 2. d4 Nf6 3. Nc3 g6 4. f4 Bg7 5. Nf3 c5 6. dxc5 Qa5 7. Bd3 Qxc5 8. Qe2
O-O 9. Be3 Qb4 10. O-O-O Nxe4 11. a3 Nxc3 12. axb4 Nxe2+ 13. Bxe2 Bf5 14. Nd4
Be4 15. Nb5 Nc6 16. Rhg1 Nxb4 17. c3 a6 18. Nd4 Nd5 19. Bf2 Nxf4 20. Bf1 Bh6 21.
Be3 Ne2+ 22. Bxe2 Bxe3+ 23. Rd2 Bxg1 0-1

[Event "Titled Tue 24th Jun Late"]
[Site "chess.com INT"]
[Date "2025.06.24"]
[Round "8"]
[White "Rogov, Matfey"]
[Black "Ozen, Batuhan"]
[Result "1-0"]
[WhiteTitle "FM"]
[BlackTitle "CM"]
[WhiteElo "2348"]
[BlackElo "2128"]
[WhiteFideId "44191308"]
[BlackFideId "6345123"]
[EventDate "2025.06.24"]

1. e4 c5 2. Nf3 Nc6 3. d4 cxd4 4. Nxd4 g6 5. Nc3 Bg7 6. Be3 Nf6 7. Nxc6 bxc6 8.
e5 Ng8 9. Bd4 Nh6 10. e6 O-O 11. Bxg7 Kxg7 12. Qd4+ f6 13. exd7 Qxd7 14. Qxd7
Bxd7 15. O-O-O Rfd8 16. h3 Be6 17. Ba6 Rab8 18. Ne4 Rxd1+ 19. Rxd1 Bd5 20. f3
Bxe4 21. fxe4 Rb4 22. Rd7 Rxe4 23. Rxa7 Nf5 24. Bd3 Re1+ 25. Kd2 Rg1 26. g4 Rg2+
27. Kc3 Ne3 28. Rxe7+ Kh6 29. Rxe3 1-0

[Event "Titled Tue 24th Jun Late"]
[Site "chess.com INT"]
[Date "2025.06.24"]
[Round "8"]
[White "Zhu, Linxi"]
[Black "Al-Tarboush, Ward"]
[Result "0-1"]
[WhiteTitle "FM"]
[BlackTitle "FM"]
[WhiteElo "2312"]
[BlackElo "2223"]
[WhiteFideId "39900428"]
[BlackFideId "7601450"]
[EventDate "2025.06.24"]

1. e4 e6 2. d4 d5 3. Nc3 Nf6 4. Bg5 dxe4 5. Nxe4 Be7 6. Bxf6 gxf6 7. Nf3 f5 8.
Ned2 c5 9. c3 Nc6 10. Bb5 cxd4 11. Nxd4 Bd7 12. Qa4 Nxd4 13. Qxd4 Rg8 14. Bxd7+
Qxd7 15. Qxd7+ Kxd7 16. g3 Bf6 17. O-O-O Ke7 18. Rhe1 b5 19. Nb3 Rgc8 20. Kb1 a5
21. Rd5 a4 22. Nc5 a3 23. Rxf5 axb2 24. Kxb2 b4 25. Rh5 Bxc3+ 0-1

[Event "Titled Tue 24th Jun Late"]
[Site "chess.com INT"]
[Date "2025.06.24"]
[Round "8"]
[White "Lavorgna, Giovanni"]
[Black "Barwinska, Ewa"]
[Result "0-1"]
[WhiteTitle "CM"]
[BlackTitle "WFM"]
[WhiteElo "1902"]
[BlackElo "2014"]
[WhiteFideId "11800100"]
[BlackFideId "21833761"]
[EventDate "2025.06.24"]

1. d4 d5 2. Nf3 c6 3. c4 Nf6 4. Nc3 e6 5. g3 dxc4 6. Bg2 b5 7. O-O a6 8. e4 Be7
9. Ne5 O-O 10. a4 Bb7 11. b3 b4 12. Ne2 c3 13. a5 c5 14. Nc4 Bxe4 15. Bg5 Bxg2
16. Kxg2 Qd5+ 17. Kg1 Qxg5 18. dxc5 Bxc5 19. Qc2 Nc6 0-1

[Event "Titled Tue 24th Jun Late"]
[Site "chess.com INT"]
[Date "2025.06.24"]
[Round "8"]
[White "Radionov, Timur"]
[Black "Vila Dupla, Aurelio"]
[Result "1-0"]
[WhiteTitle "FM"]
[BlackTitle "FM"]
[WhiteElo "2200"]
[BlackElo "2056"]
[WhiteFideId "34178772"]
[BlackFideId "2203383"]
[EventDate "2025.06.24"]

1. e4 c5 2. Nf3 d6 3. d4 cxd4 4. Nxd4 Nf6 5. Nc3 g6 6. Be3 Bg7 7. f3 O-O 8. Bc4
Nc6 9. Qd2 Bd7 10. O-O-O Qa5 11. Kb1 Rfc8 12. Bb3 Ne5 13. Nd5 Qxd2 14. Nxf6+
Bxf6 15. Rxd2 Nc4 16. Bxc4 Rxc4 17. h4 h5 18. Ne2 Rac8 19. c3 Ra4 20. Nf4 Kg7
21. Nd5 Be6 22. b3 Ra6 23. Nxf6 Kxf6 24. Bd4# 1-0

[Event "Titled Tue 24th Jun Late"]
[Site "chess.com INT"]
[Date "2025.06.24"]
[Round "8"]
[White "Tsiolakidis, Anastasios"]
[Black "Vlassis, Georgios"]
[Result "0-1"]
[WhiteTitle "FM"]
[BlackTitle "FM"]
[WhiteElo "2298"]
[BlackElo "2005"]
[WhiteFideId "4201477"]
[BlackFideId "4203399"]
[EventDate "2025.06.24"]

1. e3 e6 2. d4 d5 3. Bd3 Nf6 4. f4 Bd6 5. Nf3 Ne4 6. O-O f5 7. c4 c6 8. Nc3 O-O
9. Qc2 Nd7 10. c5 Be7 11. b4 a6 12. a4 Ndf6 13. Bd2 Nxc3 14. Bxc3 Ne4 15. b5
axb5 16. axb5 Rxa1 17. Rxa1 g5 18. g3 g4 19. Ne5 Bf6 20. bxc6 Bxe5 21. dxe5 bxc6
22. Ba5 Qe8 23. Bc7 h5 24. Bd6 Rf7 25. Ra8 Rb7 26. Bxe4 fxe4 27. Qa4 Qd7 28. Qa6
Rb1+ 29. Kf2 Rb2+ 30. Ke1 Rb7 31. Kd2 Kg7 32. Qa5 Rb2+ 33. Kc3 Qb7 34. Ra7 Rb3+
35. Kc2 Rb2+ 36. Kc1 Rb1+ 37. Kd2 Rb2+ 38. Kc3 Rb3+ 39. Kd4 Rd3# 0-1

[Event "Titled Tue 24th Jun Late"]
[Site "chess.com INT"]
[Date "2025.06.24"]
[Round "8"]
[White "Ponizil, Cyril"]
[Black "Donoso Aguirre, Maximiliano"]
[Result "1-0"]
[WhiteTitle "IM"]
[BlackTitle "CM"]
[WhiteElo "2450"]
[BlackElo "2050"]
[WhiteFideId "322202"]
[BlackFideId "3458920"]
[EventDate "2025.06.24"]

1. d4 d5 2. c4 e6 3. Nf3 Nf6 4. e3 a6 5. Bd3 dxc4 6. Bxc4 b5 7. Bd3 Bb7 8. O-O
Nbd7 9. Qe2 c5 10. a4 c4 11. Bc2 Be7 12. Rd1 O-O 13. Ne5 Nxe5 14. dxe5 Nd7 15.
Nc3 Bc6 16. Ne4 Qc7 17. f4 Nc5 18. Nd6 Rad8 19. axb5 axb5 20. Bd2 Nb7 21. Ne4
Bd5 22. Bc3 b4 23. Bd4 Nc5 24. Nf6+ Bxf6 25. exf6 g6 26. e4 Bb7 27. Qxc4 Rc8 28.
Bxc5 Qxc5+ 29. Qxc5 Rxc5 30. Bd3 Rd8 31. Ba6 1-0

[Event "Titled Tue 24th Jun Late"]
[Site "chess.com INT"]
[Date "2025.06.24"]
[Round "8"]
[White "Garcia Alvarez, Diego"]
[Black "Romany, Joy"]
[Result "1-0"]
[BlackTitle "WIM"]
[WhiteElo "2124"]
[BlackElo "1960"]
[WhiteFideId "32094795"]
[BlackFideId "10656820"]
[EventDate "2025.06.24"]

1. d4 Nf6 2. c4 e6 3. Nc3 b6 4. Nf3 Bb7 5. g3 d6 6. Bg2 Nbd7 7. O-O Be7 8. b3
O-O 9. Bb2 c5 10. d5 e5 11. e4 Ne8 12. Ne1 f5 13. exf5 Rxf5 14. Ne4 Rf8 15. Nd3
Nef6 16. f4 Nxe4 17. Bxe4 Bf6 18. Qg4 exf4 19. Qe6+ Kh8 20. Nxf4 Bxb2 21. Ng6+
hxg6 22. Qh3+ 1-0

[Event "Titled Tue 24th Jun Late"]
[Site "chess.com INT"]
[Date "2025.06.24"]
[Round "8"]
[White "Mizzi, Jack"]
[Black "Miserendino, Alfredo"]
[Result "1-0"]
[WhiteTitle "CM"]
[WhiteElo "2107"]
[BlackElo "2032"]
[WhiteFideId "5602521"]
[BlackFideId "101800"]
[EventDate "2025.06.24"]

1. d4 c5 2. d5 e6 3. c4 b5 4. cxb5 a6 5. bxa6 Bxa6 6. dxe6 fxe6 7. Nf3 d5 8. g3
Nf6 9. Bg2 Bd6 10. O-O O-O 11. b3 Nc6 12. Bb2 Qc7 13. Nc3 Kh8 14. Rc1 Ne5 15.
Na4 Nxf3+ 16. Bxf3 Bb5 17. Nxc5 Bxc5 18. b4 Rxa2 19. Rxc5 Qb7 20. Qd4 Bc4 21.
Rxc4 Qb5 22. Rc7 Qb8 23. Rfc1 Ra4 24. Qc5 h6 25. Bxf6 gxf6 26. Qe7 1-0

[Event "Titled Tue 24th Jun Late"]
[Site "chess.com INT"]
[Date "2025.06.24"]
[Round "8"]
[White "Li, Xueyi"]
[Black "Oluka Robert Mcligeyo"]
[Result "0-1"]
[WhiteTitle "WGM"]
[BlackTitle "CM"]
[WhiteElo "2220"]
[BlackElo "2061"]
[WhiteFideId "8605912"]
[BlackFideId "10814647"]
[EventDate "2025.06.24"]

1. d4 Nf6 2. c4 g6 3. g3 Bg7 4. Bg2 O-O 5. Nf3 c5 6. d5 b5 7. cxb5 a6 8. bxa6
Bxa6 9. O-O d6 10. Re1 Nbd7 11. Nc3 Qa5 12. e4 Ng4 13. h3 Nge5 14. Nxe5 Nxe5 15.
Bf4 Nd3 16. Re3 Nxb2 17. Qc2 Nc4 18. Ree1 Qxc3 19. Qxc3 Bxc3 20. Rec1 Bxa1 21.
Rxa1 Rfb8 22. Kh2 Ne5 0-1

[Event "Titled Tue 24th Jun Late"]
[Site "chess.com INT"]
[Date "2025.06.24"]
[Round "8"]
[White "Yatskar, Martin"]
[Black "Lyakh, Vasiliy"]
[Result "0-1"]
[WhiteTitle "CM"]
[WhiteElo "2225"]
[BlackElo "2123"]
[WhiteFideId "34109676"]
[BlackFideId "14189828"]
[EventDate "2025.06.24"]

1. d3 e5 2. Nf3 Nc6 3. g3 d5 4. Bg2 Nf6 5. O-O Be6 6. Nc3 Qd7 7. e4 O-O-O 8.
exd5 Nxd5 9. Nxd5 Bxd5 10. Re1 f6 11. Be3 g5 12. a3 g4 13. Nh4 Bxg2 14. Nxg2 h5
15. b4 a6 16. Rb1 f5 17. b5 axb5 18. Rxb5 h4 19. Bg5 Be7 20. Bxh4 Nd4 21. Bxe7
Qxb5 22. Bxd8 Nf3+ 23. Kf1 Kxd8 24. Re3 Rxh2 25. Rxf3 Rh1+ 0-1

[Event "Titled Tue 24th Jun Late"]
[Site "chess.com INT"]
[Date "2025.06.24"]
[Round "8"]
[White "Da Silva Borges, Rodrigo"]
[Black "Bazan Romero, Octavio Aaron"]
[Result "0-1"]
[BlackTitle "FM"]
[WhiteElo "2169"]
[BlackElo "2289"]
[WhiteFideId "2115778"]
[BlackFideId "20003943"]
[EventDate "2025.06.24"]

1. e4 c5 2. Nf3 d6 3. d4 cxd4 4. Nxd4 Nf6 5. Nc3 g6 6. Be3 Bg7 7. Be2 O-O 8. Qd2
Nc6 9. O-O-O d5 10. exd5 Nxd5 11. Nxc6 bxc6 12. Bd4 e5 13. Bc5 Be6 14. Ne4 Re8
15. h4 h6 16. g4 Qc7 17. g5 h5 18. Kb1 a5 19. Ng3 Rab8 20. Ka1 e4 21. Bd4 Bxd4
22. Qxd4 Rb4 23. Qd2 Reb8 24. Rb1 e3 25. Qe1 Qe5 26. c3 exf2 27. Qxf2 Nxc3 28.
Bd3 Nxb1 29. Rxb1 Bxa2 0-1

[Event "Titled Tue 24th Jun Late"]
[Site "chess.com INT"]
[Date "2025.06.24"]
[Round "8"]
[White "Lin, Bryan Enming"]
[Black "Burovic, Rijad"]
[Result "1-0"]
[WhiteTitle "FM"]
[BlackTitle "IM"]
[WhiteElo "2343"]
[BlackElo "2420"]
[WhiteFideId "30987121"]
[BlackFideId "14407701"]
[EventDate "2025.06.24"]

1. e4 e6 2. d4 d5 3. Nd2 dxe4 4. Nxe4 Nd7 5. Nf3 Ngf6 6. Nxf6+ Nxf6 7. c3 Be7 8.
Bd3 c5 9. Qe2 cxd4 10. Nxd4 O-O 11. Bf4 Nd5 12. Bg3 Bg5 13. O-O g6 14. Rad1 Nf4
15. Qf3 Nxd3 16. Rxd3 Qb6 17. h4 Bh6 18. Nb3 a5 19. Rd6 Qb5 20. Nd4 Qxb2 21. Be5
Bg7 22. Bxg7 Kxg7 23. h5 Ra6 24. Qf4 Rxd6 25. h6+ Kg8 26. Qf6 1-0

[Event "Titled Tue 24th Jun Late"]
[Site "chess.com INT"]
[Date "2025.06.24"]
[Round "8"]
[White "Sturt, Raven"]
[Black "Deichmann, Esteban Horacio"]
[Result "0-1"]
[WhiteTitle "GM"]
[WhiteElo "2459"]
[BlackElo "2103"]
[WhiteFideId "2007304"]
[BlackFideId "167410"]
[EventDate "2025.06.24"]

1. f4 e5 2. fxe5 d6 3. exd6 Bxd6 4. Nf3 Bg4 5. e3 Nc6 6. Be2 Nf6 7. O-O Qd7 8.
d3 O-O-O 9. e4 h5 10. Bg5 h4 11. Nc3 Bc5+ 12. Kh1 Nh5 13. Nxh4 Bxe2 14. Nxe2 f6
15. Bd2 Qg4 16. Nf3 Nd4 17. Nfxd4 Ng3+ 18. Nxg3 Qxg3 19. Nf3 Rxh2+ 20. Nxh2 Rh8
21. Qg4+ Qxg4 22. Bf4 g5 0-1

[Event "Titled Tue 24th Jun Late"]
[Site "chess.com INT"]
[Date "2025.06.24"]
[Round "8"]
[White "Ribeiro, Gustavo"]
[Black "Pavlidou, Ekaterini"]
[Result "0-1"]
[WhiteTitle "FM"]
[BlackTitle "WIM"]
[WhiteElo "2314"]
[BlackElo "2198"]
[WhiteFideId "1941852"]
[BlackFideId "4213262"]
[EventDate "2025.06.24"]

1. g3 d5 2. c4 d4 3. Nf3 c5 4. Bg2 Nc6 5. O-O e5 6. d3 Bd6 7. Nbd2 Nf6 8. a3 a5
9. e3 O-O 10. Ng5 h6 11. Nge4 Nxe4 12. Nxe4 Be7 13. exd4 Nxd4 14. Re1 f5 15. Nc3
Bf6 16. Nd5 Kh8 17. Be3 Be6 18. Bxd4 cxd4 19. Nxf6 Qxf6 20. Qe2 e4 21. dxe4 f4
22. e5 Qf7 23. Qe4 f3 24. Bf1 Rad8 25. Rad1 Qd7 26. Bd3 Bf5 27. Qxf3 Bxd3 28.
Qxd3 Qe6 29. b3 Rf5 30. f4 g5 31. fxg5 hxg5 32. Qe4 a4 33. bxa4 Rdf8 34. Rxd4
Qb6 35. Qe3 Qh6 36. Rd2 Qh3 37. Rg2 Qg4 38. e6 Qxc4 39. e7 Rf1+ 0-1

[Event "Titled Tue 24th Jun Late"]
[Site "chess.com INT"]
[Date "2025.06.24"]
[Round "8"]
[White "Nakara Husain"]
[Black "Terletsky, Oleg"]
[Result "1-0"]
[BlackTitle "IM"]
[WhiteElo "1713"]
[BlackElo "2160"]
[WhiteFideId "25636111"]
[BlackFideId "14116774"]
[EventDate "2025.06.24"]

1. e4 e5 2. Nf3 Nc6 3. d4 exd4 4. Bc4 Nf6 5. O-O Nxe4 6. Re1 d5 7. Nc3 dxc3 8.
Bxd5 f5 9. Ng5 cxb2 10. Nxe4 fxe4 11. Rxe4+ Be7 12. Bxb2 Bf5 13. Re2 Qd7 14.
Bxc6 bxc6 15. Ba3 O-O-O 16. Qxd7+ Rxd7 17. Rxe7 Rxe7 18. Bxe7 Re8 19. Bc5 Bxc2
20. Bxa7 c5 21. Bxc5 Re2 22. Be3 Bd3 23. a4 Rb2 24. Bd4 Rb1+ 25. Rxb1 Bxb1 26.
Bxg7 c5 27. Bc3 Kb7 28. g4 Kc6 29. a5 1-0

[Event "Titled Tue 24th Jun Late"]
[Site "chess.com INT"]
[Date "2025.06.24"]
[Round "8"]
[White "Adewumi, Tanitoluwa"]
[Black "Gogolev, Artem"]
[Result "1-0"]
[WhiteTitle "FM"]
[BlackTitle "IM"]
[WhiteElo "2362"]
[BlackElo "2240"]
[WhiteFideId "30966396"]
[BlackFideId "4116615"]
[EventDate "2025.06.24"]

1. Nf3 d5 2. b3 Nf6 3. Bb2 c5 4. e3 e6 5. d4 Nc6 6. Nbd2 Bd6 7. a3 O-O 8. dxc5
Bxc5 9. Bd3 Re8 10. b4 Bf8 11. c4 a5 12. b5 Ne7 13. Qc2 Ng6 14. h4 dxc4 15. Nxc4
Be7 16. h5 Nf8 17. Nce5 h6 18. g4 Nd5 19. g5 Bxg5 20. Nxg5 Qxg5 21. O-O-O Bd7
22. Rdg1 Rac8 23. Nc4 Bxb5 24. Rxg5 hxg5 25. h6 Bxc4 26. hxg7 1-0

[Event "Titled Tue 24th Jun Late"]
[Site "chess.com INT"]
[Date "2025.06.24"]
[Round "8"]
[White "Makaraci, Tunahan"]
[Black "Jing, Andrew"]
[Result "0-1"]
[WhiteTitle "FM"]
[BlackTitle "FM"]
[WhiteElo "2233"]
[BlackElo "2292"]
[WhiteFideId "6356559"]
[BlackFideId "30984076"]
[EventDate "2025.06.24"]

1. d4 Nf6 2. f4 d5 3. Nf3 Bf5 4. e3 h6 5. Bd3 e6 6. O-O Nbd7 7. Nbd2 c6 8. Ne5
Bd6 9. Qe2 Qe7 10. c3 h5 11. Ndf3 Ne4 12. Bd2 f6 13. Nxd7 Qxd7 14. Be1 O-O-O 15.
b4 g5 16. fxg5 fxg5 17. Bxe4 dxe4 18. Nxg5 Rdg8 19. h4 Be7 20. Bg3 Bxg5 21. hxg5
Rxg5 22. Bf4 Rg4 23. Kh2 h4 24. Rf2 h3 25. g3 Rhg8 26. Raf1 Qg7 27. Be5 Qg5 28.
Rg1 Qd8 29. b5 Qb6 30. bxc6 Qxc6 31. c4 b6 32. d5 Qd7 33. dxe6 Qxe6 34. Bf4 Kb7
35. c5 Rc8 36. cxb6 axb6 37. Qb2 Rg6 38. Rb1 Bg4 39. a4 Qd5 40. Rd2 Qa5 41. Rd7+
Bxd7 42. Qd4 Qxa4 43. Qd5+ Qc6 0-1

[Event "Titled Tue 24th Jun Late"]
[Site "chess.com INT"]
[Date "2025.06.24"]
[Round "8"]
[White "Tica, Sven"]
[Black "Williams, Justus"]
[Result "0-1"]
[WhiteTitle "IM"]
[BlackTitle "IM"]
[WhiteElo "2442"]
[BlackElo "2355"]
[WhiteFideId "14526948"]
[BlackFideId "2049929"]
[EventDate "2025.06.24"]

1. Nf3 Nf6 2. g3 d5 3. Bg2 g6 4. O-O Bg7 5. d3 c5 6. Nbd2 Nc6 7. e4 e6 8. Re1
O-O 9. h3 b5 10. Qe2 a5 11. Nf1 a4 12. e5 Nd7 13. Bf4 a3 14. b3 d4 15. N1d2 Bb7
16. h4 h6 17. Ne4 Nb4 18. Qd2 Bxe4 19. Rxe4 Kh7 20. Nxd4 cxd4 21. Qxb4 g5 22.
hxg5 hxg5 23. Rxd4 gxf4 24. Bxa8 Bxe5 25. Rxd7 Qxd7 26. Qe4+ f5 27. Qxe5 Rxa8
28. Kg2 Qc6+ 29. Kh2 Rh8 30. gxf4 Qf3 31. Rg1 Qh5+ 32. Kg2 Rg8+ 33. Kf1 Qd1+ 0-1

[Event "Titled Tue 24th Jun Late"]
[Site "chess.com INT"]
[Date "2025.06.24"]
[Round "8"]
[White "Patel, Maahir M"]
[Black "Yanev, Tihomir"]
[Result "0-1"]
[BlackTitle "IM"]
[WhiteElo "2106"]
[BlackElo "2354"]
[WhiteFideId "30995612"]
[BlackFideId "2910110"]
[EventDate "2025.06.24"]

1. d4 d5 2. Nc3 Nf6 3. Bf4 Bf5 4. f3 e6 5. g4 Bg6 6. h4 h5 7. g5 Nfd7 8. e3 Bb4
9. Bd3 Bxd3 10. Qxd3 g6 11. Ne2 Nc6 12. a3 Bd6 13. e4 dxe4 14. fxe4 Bxf4 15.
Nxf4 e5 16. dxe5 Ndxe5 17. Qxd8+ Rxd8 18. Nfd5 O-O 19. O-O-O Ng4 20. Nxc7 Rc8
21. N7d5 Nf2 22. Nf6+ Kg7 23. Rhf1 Nxd1 24. Rxd1 Rfd8 25. Ncd5 Ne5 26. c3 Ng4
27. Nxg4 hxg4 28. Rg1 Rc4 29. Rxg4 Rxd5 30. exd5 Rxg4 31. d6 Kf8 0-1

[Event "Titled Tue 24th Jun Late"]
[Site "chess.com INT"]
[Date "2025.06.24"]
[Round "8"]
[White "Plat, Vojtech"]
[Black "Drygalov, Sergey"]
[Result "0-1"]
[WhiteTitle "GM"]
[BlackTitle "GM"]
[WhiteElo "2497"]
[BlackElo "2560"]
[WhiteFideId "325740"]
[BlackFideId "24171743"]
[EventDate "2025.06.24"]

1. e4 c5 2. Nf3 d6 3. c3 Nf6 4. Bc4 e6 5. Qe2 Be7 6. Bb3 Nc6 7. O-O O-O 8. d4
cxd4 9. cxd4 d5 10. e5 Ne4 11. Nbd2 Nxd2 12. Bxd2 Bd7 13. Bc2 Rc8 14. Rac1 Na5
15. Bd3 Nc4 16. Bf4 Qb6 17. b3 Na3 18. Bg5 Bxg5 19. Nxg5 h6 20. Qh5 Qxd4 21.
Rxc8 Bxc8 22. Bh7+ Kh8 23. Rc1 Qd2 24. h4 Qxc1+ 25. Kh2 Qf4+ 26. Kg1 Nb5 27. Bd3
Nd4 28. g3 Qc1+ 29. Kg2 Qc7 30. f4 Nf5 31. g4 g6 0-1

[Event "Titled Tue 24th Jun Late"]
[Site "chess.com INT"]
[Date "2025.06.24"]
[Round "8"]
[White "Herrera Ortiz, Miguel"]
[Black "Kharitonov, Sergei"]
[Result "1-0"]
[WhiteTitle "IM"]
[BlackTitle "CM"]
[WhiteElo "2174"]
[BlackElo "2014"]
[WhiteFideId "5100550"]
[BlackFideId "4129750"]
[EventDate "2025.06.24"]

1. c4 e5 2. Nc3 Nf6 3. Nf3 d6 4. g3 Nbd7 5. Bg2 g6 6. O-O Bg7 7. d4 O-O 8. b3
Re8 9. Ba3 Nh5 10. e4 exd4 11. Nxd4 Nc5 12. Re1 Qf6 13. Nde2 Bg4 14. Rc1 c6 15.
Qd2 Bf3 16. Bxf3 Qxf3 17. Bxc5 dxc5 18. Rcd1 Bf6 19. Qd3 Qxd3 20. Rxd3 Ng7 21.
f4 Red8 22. Red1 Ne6 23. e5 Be7 24. Ne4 Kg7 25. Kf2 f6 26. exf6+ Bxf6 27. Rd7+ 1-0

[Event "Titled Tue 24th Jun Late"]
[Site "chess.com INT"]
[Date "2025.06.24"]
[Round "8"]
[White "Injac, Teodora"]
[Black "Eswaran, Ashritha"]
[Result "1-0"]
[WhiteTitle "IM"]
[BlackTitle "FM"]
[WhiteElo "2457"]
[BlackElo "2236"]
[WhiteFideId "932400"]
[BlackFideId "2080788"]
[EventDate "2025.06.24"]

1. d4 Nf6 2. Bg5 e6 3. Nf3 h6 4. Bh4 d5 5. Nbd2 Be7 6. e3 O-O 7. c3 b6 8. Ne5 c5
9. Bd3 Qc7 10. Bxf6 Bxf6 11. f4 Ba6 12. Bc2 Nd7 13. Qg4 Bxe5 14. fxe5 f5 15. Qg6
Qc6 16. g4 cxd4 17. exd4 Nxe5 18. dxe5 d4 19. O-O-O dxc3 20. bxc3 Be2 21. Rde1
Bxg4 22. h3 Be2 23. Rhg1 Rf7 24. Rxe2 Qxc3 25. Qxe6 Rc8 26. Rxg7+ Kxg7 27. Rg2+
Kf8 28. Qxh6+ Ke7 29. Qd6+ Ke8 30. Rg8+ 1-0

[Event "Titled Tue 24th Jun Late"]
[Site "chess.com INT"]
[Date "2025.06.24"]
[Round "8"]
[White "Jammalamadaka, Vihaan"]
[Black "Karas, Eugenia"]
[Result "1-0"]
[WhiteTitle "CM"]
[BlackTitle "WFM"]
[WhiteElo "2018"]
[BlackElo "2124"]
[WhiteFideId "30977134"]
[BlackFideId "463485"]
[EventDate "2025.06.24"]

1. c4 Nf6 2. b3 b6 3. Bb2 Bb7 4. Nf3 e6 5. h3 Be7 6. e3 O-O 7. Be2 d5 8. cxd5
Nxd5 9. O-O Nd7 10. d4 c5 11. Nc3 N7f6 12. Ne5 cxd4 13. exd4 Rc8 14. Nxd5 Nxd5
15. Bf3 Bf6 16. Re1 Bxe5 17. dxe5 Qe7 18. Qd4 Ba8 19. Rac1 h6 20. Kh2 Qg5 21.
Rc4 Rxc4 22. bxc4 Nf4 23. Bxa8 Rxa8 24. Qe4 Rd8 25. Bc1 Rd4 26. Qa8+ Rd8 27. Qf3
Rd4 28. g3 Rxc4 29. Bxf4 Qf5 30. Rd1 Qc2 31. Rd8+ Kh7 32. Be3 1-0

[Event "Titled Tue 24th Jun Late"]
[Site "chess.com INT"]
[Date "2025.06.24"]
[Round "8"]
[White "Fernandez Bustamante, Leancy B."]
[Black "Cardozo Munar, Carlos Eduardo"]
[Result "0-1"]
[WhiteTitle "WFM"]
[BlackTitle "FM"]
[WhiteElo "2130"]
[BlackElo "2052"]
[WhiteFideId "3523870"]
[BlackFideId "4409477"]
[EventDate "2025.06.24"]

1. e3 e5 2. Ne2 f6 3. d4 d6 4. g3 Be6 5. Bg2 c6 6. O-O Ne7 7. c4 g6 8. d5 cxd5
9. cxd5 Bf5 10. e4 Bg4 11. f3 Bd7 12. Qb3 Qb6+ 13. Be3 Qxb3 14. axb3 a6 15. Nbc3
Bg7 16. b4 O-O 17. b5 f5 18. bxa6 Rxa6 19. Bg5 Kf7 20. f4 exf4 21. Bxf4 Be5 22.
Rxa6 Nxa6 23. Nb5 Bxb5 24. Rf2 Bxe2 25. Rxe2 Bxf4 26. gxf4 fxe4 27. Rxe4 Nc5 28.
Re3 Nf5 29. Rh3 h5 30. Ra3 Re8 31. Kf2 Ne4+ 32. Bxe4 Rxe4 33. Rb3 Re7 34. Rb6
Ke8 35. Kf3 Kd8 36. Rb4 Re3+ 37. Kf2 Kc7 38. Rc4+ Kb8 39. b4 Rd3 40. Re4 Rxd5
41. Re6 Rd2+ 42. Ke1 Rg2 43. b5 Kc7 44. Rf6 h4 45. h3 Kb6 46. Rf7 Rg3 47. Kf2
Rxh3 48. Rf6 Rg3 49. Rf8 Kxb5 50. Rf7 b6 51. Ra7 h3 52. Ra1 Rb3 53. Ra3 Rxa3 0-1

[Event "Titled Tue 24th Jun Late"]
[Site "chess.com INT"]
[Date "2025.06.24"]
[Round "8"]
[White "Popilski, Gil"]
[Black "Ragger, Markus"]
[Result "0-1"]
[WhiteTitle "GM"]
[BlackTitle "GM"]
[WhiteElo "2431"]
[BlackElo "2566"]
[WhiteFideId "2809060"]
[BlackFideId "1610856"]
[EventDate "2025.06.24"]

1. d4 Nf6 2. c4 g6 3. Nc3 d5 4. cxd5 Nxd5 5. e4 Nxc3 6. bxc3 Bg7 7. Bb5+ c6 8.
Ba4 b5 9. Bb3 O-O 10. Ne2 a5 11. a3 c5 12. O-O Bb7 13. e5 Nc6 14. Be3 e6 15. Nf4
c4 16. Bc2 Ne7 17. Rb1 Bc6 18. a4 Qd7 19. axb5 Bxb5 20. h4 Rfb8 21. Bc1 Bc6 22.
Ba3 Bh6 23. Qg4 Nd5 24. Nh5 Qd8 25. Be4 Kh8 26. Bxd5 gxh5 0-1